In sober livery.

Tallennettuna:
Bibliografiset tiedot
Päätekijä: Vachell, Horace Annesley, 1861-1955
Aineistotyyppi: Kirja
Kieli:English
Julkaistu: London : Cassell, 1949.
LEADER 00651nam a2200181 i 4500
001 c000013214
003 CARM
005 00000000000000.0
008 810321s1949 ukk 00001 eng d
019 1 |a 6106479  |z 22688697  |5 LACONCORD2021 
035 |a (OCoLC)2308695  |5 LACONCORD2021 
100 1 |a Vachell, Horace Annesley,  |d 1861-1955. 
245 0 0 |a In sober livery. 
260 |a London :  |b Cassell,  |c 1949. 
300 |a 224p. 
852 8 |b CARM  |h A2:AD31A0  |i B03154  |p 0139237  |f BK 
999 f f |i 98198c6c-ecd4-5fc8-ab03-80c91ead1f31  |s 8ea6b18a-a6fd-5ee6-b029-696a05898507 
952 f f |p Can circulate  |a CAVAL  |b CAVAL  |c CAVAL  |d CARM 1 Store  |e B03154  |f A2:AD31A0  |h Other scheme  |i book  |m 0139237